00730nam a2200205Ia 4500003000900000008004100009020001800050040001600068080001600084100002500100245015400125260002000279300000900299490005800308650002500366650001900391942000700410999001500417952009200432IN-BaIIA211028s9999 xx 000 0 eng d a84-00-05380-X cIIA Library a081:52bCAR aCardus, J. O.913473 0aContribuciones cientificas para conmemorar el 75 aniversario del observatorio del ebrocJ. O. Cardus  aTarragonac1983 a547p aPublications del observatorio del ebro memoria; no.14 aCollected works9760 aNASA thesaurus cBK c7986d7986 00104070aBANbBANcGENd1984-11-12l0o081:52/ CARp8809r2021-11-05w1984-11-12yBK